| 000 | 00994cam a22003137a 4500 | ||
|---|---|---|---|
| 003 | CHAP | ||
| 005 | 20240814091248.0 | ||
| 008 | 980911d1996 mx a r 00010 spa d | ||
| 010 | _a76181 | ||
| 011 | _a77153 | ||
| 035 | _a86756 | ||
| 040 | _cCHAP | ||
| 090 | _aFolleto 15260 | ||
| 100 | 1 | 0 |
_aAvalos Gutiérrez, Claudio _98452 |
| 245 | 1 | 0 |
_aTecnología de producción de cultivos básicos _c/por Claudio Avalos Gutiérrez y Gustavo Ortega O. |
| 260 |
_aChapingo, Méx. : _bUACH, _c(1996?) |
||
| 300 |
_a58 h. : _bilus. ; gráfs. ; cuadros |
||
| 500 | _aFotocopia | ||
| 590 |
_aBATCH-UPD _b10 _c20130110 _lUCH01 _h0831 |
||
| 590 |
_aBATCH-UPD _b10 _c20130410 _lUCH01 _h0509 |
||
| 590 |
_aBATCH-UPD _b10 _c20130914 _lUCH01 _h0431 |
||
| 590 |
_aCONVERSION _b10 _c20130109 _lUCH01 _h1342 |
||
| 650 | 1 | 4 |
_aCultivos. _930221 |
| 700 | 0 |
_aOrtega O., Gustavo. _983844 |
|
| 901 | _aBK | ||
| 905 | _aAlejandra Carrasco M. | ||
| 942 | _cFOLL | ||
| 949 |
_aFolleto 15260 _bBC _cUACH _d867561 _eUACH _i86756 _sb |
||
| 999 |
_c76181 _d76181 |
||